000 00546nam a2200193Ia 4500
005 20250508152447.0
008 008 250505s9999 xx 000 0 eng d
037 _aTextual
040 _aFEDL
_beng
_cFEDL
041 _aeng
_2eng
084 _a330.16, MAR
_qFEDL
100 _aMarx Karl
245 0 _aValue, price and profit : Addressed to working men
260 _aLondon, UK
_bGeorge Allen and Unwin Limited
_c1951
300 _a94p.
546 _aWeeded out
942 _cTEXL
_h330.16, MAR
999 _c1336565
_d1336565